| 000 | 00436nam a2200145Ia 4500 | ||
|---|---|---|---|
| 008 | 230917s9999||||xx |||||||||||||| ||und|| | ||
| 040 |
_e175892 _aMAIN |
||
| 041 | _aEnglish | ||
| 082 | _a891.49150301741 DR536SY | ||
| 100 | _aधनखड़, राजबीर सिंह | ||
| 245 | 0 | _aस्याणपत | |
| 260 |
_aरोहतक _bतोषी पब्लिकेशन _c2000 |
||
| 300 | _a106 पृ. p. | ||
| 942 | _cHN | ||
| 999 |
_c121404 _d121404 |
||